000 00306nam a2200157Ia 4500
100 _aSierra/kathy
650 _aJava
942 _cBK
366 _f20
245 _aHead first java
260 _bOreilly
_c2005
082 _a5.133
_bSIE
300 _a688
546 _aENGLISH
_cComputers
999 _c29810
_d29810